Zbornik pravnog fakulteta u Zagrebu
| Autor Corporativo: | |
|---|---|
| Formato: | Electrónico Revista |
| Lenguaje: | croata inglés francés alemán |
| Publicado: |
Zagreb :
Izdavački zavod Jugoslavenske akademije znanosti i umjetnosti
|
| Materias: | |
| Acceso en línea: | Full text available from Research Library: 01/01/2016 to present |
MARC
| LEADER | 00000nas a2200000 a 4500 | ||
|---|---|---|---|
| 001 | ssj0000563058 | ||
| 003 | WaSeSS | ||
| 005 | 20200512172242.0 | ||
| 006 | m d | ||
| 007 | cr n | ||
| 008 | 100822c19489999ci br p sg 0 b0hrv c | ||
| 010 | |a 2019238373 | ||
| 016 | 7 | |a 011787806 |2 Uk | |
| 022 | |a 1849-1154 |l 0350-2058 |y 0350-2058 | ||
| 035 | |a (WaSeSS)ssj0000563058 | ||
| 040 | |a OCLCE |b eng |e pn |c OCLCE |d OCLCQ |d OCLCF |d OCLCO |d OCLCQ |d OCLCA |d OCLCQ |d OCLCO |d OCLCS |d UCO |d UX1 |d Z5A |d UAB |d VT2 |d U3W |d UOK |d TOH |d WYU |d YOR |d LND |d AU@ |d IUL |d WaSeSS | ||
| 041 | 0 | |a hrv |a eng |a fre |a ger | |
| 042 | |a dlr |a pcc | ||
| 043 | |a e-yu--- |a e-ci--- | ||
| 050 | 4 | |a K30 |b .B669 | |
| 082 | 1 | 4 | |a [E] |
| 210 | 0 | |a Zb. Prav. fak. Zagrebu |b (Online) | |
| 222 | 0 | |a Zbornik Pravnog fakulteta u Zagrebu |b (Online) | |
| 245 | 0 | 0 | |a Zbornik pravnog fakulteta u Zagrebu |h [electronic resource]. |
| 246 | 1 | |i Some issues also have French title: |a Recueil des travaux de la Faculté de droit de l'Université de Zagreb | |
| 246 | 1 | |i Some issues also have English title: |a Collected papers of the University of Zagreb Law School | |
| 246 | 1 | |6 880-01 |i Some issues also have Russian title: |a Sbornik nauchnykh rabot I͡U︡ridicheskogo fakulʹteta Universiteta v Zagrebu | |
| 260 | |a Zagreb : |b Izdavački zavod Jugoslavenske akademije znanosti i umjetnosti | ||
| 310 | |a Bimonthly, |b 1994-<2002> | ||
| 321 | |a Frequency varies, |b 1948-1993 | ||
| 362 | 1 | |a Began in 1948. | |
| 506 | |a License restrictions may limit access. | ||
| 538 | |a Master and use copy. Digital master created according to Benchmark for Faithful Digital Reproductions of Monographs and Serials, Version 1. Digital Library Federation, December 2002. |u http://purl.oclc.org/DLF/benchrepro0212 |5 MiAaHDL | ||
| 546 | |a Text chiefly Croatian with some English, French and German, with added tables of contents in English, <2002-> | ||
| 583 | 1 | |a digitized |c 2010 |h HathiTrust Digital Library |l committed to preserve |2 pda |5 MiAaHDL | |
| 588 | |a Description based on: 1951. | ||
| 588 | |a Description based on print version record. | ||
| 588 | |a Latest issue consulted: G. 56, br. 4 (2006). | ||
| 650 | 0 | |a Law |z Yugoslavia |v Periodicals. | |
| 650 | 0 | |a Law |z Croatia |v Periodicals. | |
| 650 | 0 | |a Law reviews |z Croatia. | |
| 650 | 0 | |a Law and socialism |v Periodicals. | |
| 650 | 7 | |a Law. |2 fast |0 (OCoLC)fst00993678 | |
| 650 | 7 | |a Law and socialism. |2 fast |0 (OCoLC)fst00993920 | |
| 650 | 7 | |a Law reviews. |2 fast |0 (OCoLC)fst00994120 | |
| 650 | 1 | 7 | |a Recht. |2 gtt |
| 651 | 7 | |a Croatia. |2 fast |0 (OCoLC)fst01212674 | |
| 651 | 7 | |a Yugoslavia. |2 fast |0 (OCoLC)fst01279262 | |
| 655 | 0 | |a Electronic journals. | |
| 710 | 2 | |a Sveučilište u Zagrebu. |b Pravni fakultet. | |
| 776 | 0 | 8 | |i Print version: |t Zbornik pravnog fakulteta u Zagrebu |x 0350-2058 |w (DLC) 52038766 |w (OCoLC)1770401 |
| 856 | 4 | 0 | |z Full text available from Research Library: 01/01/2016 to present |u https://search.proquest.com/publication/2042856 |
| 880 | 1 | |6 246-01/(N |i Some issues also have Russian title: |a Сборник научных работ Юридического факультета Университета в Загребу | |